| 000 | 00502cam a2200181ua 4500 | ||
|---|---|---|---|
| 001 | 5992 | ||
| 005 | 20260515113950.0 | ||
| 008 | 131030n ii |||frmmmmZ001|0|eng | ||
| 040 | _cMAIN | ||
| 082 | _a973.3 | ||
| 100 | 1 |
_aBailyn,Bernard, _eAuthor. |
|
| 245 | 1 | 1 |
_aIdeological Origins of the American Revolution _cby Bernard Bailyn |
| 260 |
_aCalcutta: _bScientific Book Agency, _c1969. |
||
| 300 | _a321p. | ||
| 653 | _aHistory | ||
| 653 | _aIdeological Origins of the American Revolution | ||
| 942 | _cBK | ||
| 999 |
_c5141 _d5141 |
||